[Event "XXXV C.to Italiano Seniores"]
[Site "Arco ITA"]
[Date "2013.04.19"]
[Round "8"]
[White "Laco, Giuseppe"]
[Black "Beltrami, Nerio"]
[WhiteElo "2073"]
[BlackElo "1907"]
[Result "1-0"]
[PlyCount "105"]
[EventDate "2013.04.12"]

1. c4 Nf6 2. Nc3 g6 3. e4 d6 4. d4 Bg7 5. f3 O-O 6. Be3 Nc6 7. Qd2 a6 8. Bd3
Rb8 9. Nge2 e5 10. d5 Ne7 11. b4 c6 12. a4 cxd5 13. cxd5 Bd7 14. b5 a5 15. O-O
Ne8 16. Rfc1 f5 17. Nd1 f4 18. Bf2 g5 19. h3 h5 20. Kf1 Ng6 21. Nb2 g4 22. hxg4
hxg4 23. Nc4 gxf3 24. gxf3 Bh3+ 25. Ke1 Nh4 26. Ng1 Bg2 27. Be2 Qg5 28. Nxa5
Qh5 29. Qd3 Rf7 30. b6 Ra8 31. Nb3 Bf6 32. a5 Ng6 33. Qd1 Qh1 34. Kd2 Bh4 35.
Bxh4 Nxh4 36. Rc3 Nf6 37. Qc2 Qh2 38. Qd3 Nh5 39. Kc2 Ng3 40. Nd2 Bf1 41. Bxf1
Qxg1 42. Kb2 Qf2 43. Rc2 Qe3 44. Ra3 Qf2 45. Bh3 Rg7 46. Qc4 Ng6 47. Be6+ Kh8
48. Nb1 Qd4+ 49. Qxd4 exd4 50. Rc8+ Rxc8 51. Bxc8 Ne5 52. Nd2 Ne2 53. a6 1-0

[Event "XXXV C.to Italiano Seniores"]
[Site "Arco ITA"]
[Date "2013.04.19"]
[Round "8"]
[White "Spano' Cuomo, Gaetano"]
[Black "Perich, Stefano"]
[WhiteElo "1797"]
[BlackElo "1890"]
[Result "1-0"]
[PlyCount "77"]
[EventDate "2013.04.12"]

1. d4 d5 2. Nf3 g6 3. Bf4 Bg7 4. e3 Nf6 5. c4 O-O 6. Nc3 c6 7. Rc1 e6 8. Be2
Nbd7 9. O-O h6 10. Nd2 Re8 11. b4 Nb6 12. c5 Nbd7 13. Nb3 e5 14. dxe5 Nxe5 15.
Bxe5 Rxe5 16. Bf3 h5 17. Nd4 Qc7 18. Qd2 Ng4 19. h3 Nh6 20. Bd1 Nf5 21. Nf3 Re8
22. Ne2 Bh6 23. Qb2 a6 24. Bc2 Qe7 25. Bxf5 Bxf5 26. Ned4 Qf6 27. a4 g5 28. Qc3
Bg7 29. Ne2 Qd8 30. Nfd4 g4 31. h4 Qxh4 32. Nxf5 Qg5 33. Qxg7+ Qxg7 34. Nxg7
Kxg7 35. g3 h4 36. gxh4 Rh8 37. Kg2 Rxh4 38. Rh1 Rah8 39. Rxh4 1-0

[Event "XXXV C.to Italiano Seniores"]
[Site "Arco ITA"]
[Date "2013.04.20"]
[Round "9"]
[White "Albano, Marco"]
[Black "Rosino, Antonio"]
[WhiteElo "2235"]
[BlackElo "2178"]
[Result "1-0"]
[PlyCount "135"]
[EventDate "2013.04.12"]

1. e4 e5 2. Nf3 Nc6 3. Bc4 Bc5 4. O-O Nf6 5. d3 d6 6. c3 a6 7. Bb3 Ba7 8. Nbd2
O-O 9. Nc4 Be6 10. Bg5 h6 11. Bh4 g5 12. Nxg5 hxg5 13. Bxg5 Bxc4 14. Bxc4 Kg7
15. Qf3 Na5 16. Bb3 Nxb3 17. axb3 Qe7 18. d4 exd4 19. Ra5 c5 20. cxd4 Bb6 21.
Ra3 cxd4 22. b4 Qe6 23. Qf4 Nh5 24. Qh4 Rh8 25. Rh3 f6 26. Bd2 Kf7 27. f4 Ng7
28. f5 Qe7 29. Qg4 Rxh3 30. gxh3 Rg8 31. Kh1 Ke8 32. Rc1 Kd7 33. Bh6 d3 34. Qf3
Ne8 35. Qxd3 Qe5 36. Qc4 d5 37. Rd1 Nd6 38. Qxd5 Qxd5 39. exd5 Nxf5 40. Bf4 Re8
41. Rf1 Bd4 42. Bg3 Ne3 43. Rf2 Re4 44. h4 Nxd5 45. Rd2 Nxb4 46. h5 Nc6 47. h6
Kc8 48. Bf2 Bxf2 49. Rxf2 Rh4 50. Rxf6 Kd7 51. Kg2 Ne7 52. h3 Rh5 53. Kh2 a5
54. b3 b5 55. Kg2 b4 56. Kh2 Nc6 57. Kg3 Rg5+ 58. Kh4 Rg8 59. Kh5 Ne5 60. h7
Rh8 61. Kh6 Ke7 62. Ra6 Kf7 63. Rxa5 Rc8 64. Rxe5 Rc6+ 65. Kh5 Kg7 66. Rb5 Rc3
67. h4 Kxh7 68. Rxb4 1-0

[Event "XXXV C.to Italiano Seniores"]
[Site "Arco ITA"]
[Date "2013.04.20"]
[Round "9"]
[White "Antonelli, Fabrizio"]
[Black "Bonfa', Ileano"]
[WhiteElo "2015"]
[BlackElo "2171"]
[Result "1/2-1/2"]
[PlyCount "96"]
[EventDate "2013.04.12"]

1. e4 c5 2. Nf3 g6 3. d4 cxd4 4. Nxd4 Nc6 5. Be2 Nf6 6. Nc3 Bg7 7. Nb3 O-O 8.
O-O d6 9. Kh1 Be6 10. f4 Qc8 11. Be3 Rd8 12. Qe1 d5 13. e5 Ng4 14. Bg1 f6 15.
h3 Nh6 16. exf6 exf6 17. Rd1 Nf5 18. Bf3 d4 19. Ne4 Bf7 20. Qd2 a5 21. Kh2 Nh4
22. Be2 Bd5 23. Bf3 Nxf3+ 24. gxf3 f5 25. Ng3 Qc7 26. Kg2 b6 27. Ne2 Bc4 28.
Rfe1 a4 29. Nbc1 Rd7 30. a3 Rad8 31. Nd3 Ba6 32. Nec1 Bb7 33. Re6 Re7 34. Rde1
Rde8 35. Rxe7 Rxe7 36. Rxe7 Nxe7 37. Nb4 Qd6 38. Ncd3 Nd5 39. Nxd5 Qxd5 40. Qe2
Kf8 41. Nb4 Qd6 42. Qd2 Qe6 43. Bxd4 Bxd4 44. Qxd4 Qe2+ 45. Qf2 Bxf3+ 46. Kg3
Qxf2+ 47. Kxf2 Be4 48. h4 Ke7 1/2-1/2

[Event "XXXV C.to Italiano Seniores"]
[Site "Arco ITA"]
[Date "2013.04.20"]
[Round "9"]
[White "Bonollo, Sergio"]
[Black "Blasco, Domenico"]
[WhiteElo "1821"]
[BlackElo "1933"]
[Result "0-1"]
[PlyCount "124"]
[EventDate "2013.04.12"]

1. e4 g6 2. d4 Bg7 3. c3 d6 4. f4 e6 5. Nf3 Ne7 6. Bd3 O-O 7. O-O c5 8. Be3 b6
9. Nbd2 Nbc6 10. Qe2 cxd4 11. cxd4 Nb4 12. Rfc1 Nxd3 13. Qxd3 Bb7 14. Rc2 Qd7
15. Rac1 Rfc8 16. h3 h6 17. a3 Rxc2 18. Rxc2 Rc8 19. Kf2 Rc7 20. Rxc7 Qxc7 21.
Qc3 Qb8 22. Qc2 Kf8 23. g4 Ke8 24. h4 Kd7 25. g5 h5 26. b4 d5 27. e5 Qc7 28.
Qxc7+ Kxc7 29. Nb1 Nf5 30. Nc3 a6 31. Bd2 Bf8 32. Na2 Bc6 33. Nc3 Be7 34. Be1
Bd7 35. Ke2 a5 36. Nb1 axb4 37. Bxb4 Bxb4 38. axb4 Bb5+ 39. Kd2 Bf1 40. Kc3 Kc6
41. Nbd2 Be2 42. Kb3 Kb5 43. Ka3 Bd1 44. Kb2 Kxb4 45. Ne1 Nxh4 46. Nd3+ Ka5 47.
Kc3 Nf5 48. Nb4 h4 49. Nc6+ Kb5 50. Nd8 h3 51. Nf1 Be2 52. Nh2 Ne3 53. Nxf7 Ng4
54. Nd8 Nxh2 55. Nxe6 Bg4 56. Ng7 Nf3 57. f5 Nxg5 58. fxg6 h2 59. Ne8 h1=Q 60.
g7 Ne4+ 61. Kb2 Qg2+ 62. Ka1 Bd7 0-1

[Event "XXXV C.to Italiano Seniores"]
[Site "Arco ITA"]
[Date "2013.04.20"]
[Round "9"]
[White "Bortolotti, Silvano"]
[Black "Garvani, Vittorio"]
[WhiteElo "1778"]
[BlackElo "1898"]
[Result "1/2-1/2"]
[PlyCount "37"]
[EventDate "2013.04.12"]

1. e4 g6 2. Nc3 Bg7 3. g3 c6 4. Bg2 d6 5. d3 Be6 6. Nge2 Na6 7. Be3 Nc7 8. Nd4
Bd7 9. f4 Qc8 10. Qe2 c5 11. Nf3 Nb5 12. Nxb5 Bxb5 13. c4 Bc6 14. O-O Nh6 15.
h3 O-O 16. Qd2 f5 17. e5 Nf7 18. exd6 exd6 19. d4 1/2-1/2

[Event "XXXV C.to Italiano Seniores"]
[Site "Arco ITA"]
[Date "2013.04.20"]
[Round "9"]
[White "D'Aulisa, Francesco"]
[Black "Gardi, Giuseppe"]
[WhiteElo "1730"]
[BlackElo "1999"]
[Result "0-1"]
[PlyCount "46"]
[EventDate "2013.04.12"]

1. c4 d6 2. Nc3 g6 3. d4 Bg7 4. e4 Nf6 5. Be3 O-O 6. h3 e5 7. d5 a5 8. a4 Na6
9. g3 Nd7 10. Qd2 Ndc5 11. Ra3 b6 12. Bh6 Nb4 13. Bxg7 Kxg7 14. Nf3 f5 15. Ng5
f4 16. Ne6+ Bxe6 17. dxe6 Nxe6 18. Nd5 Nd4 19. Kd1 c5 20. gxf4 Nxd5 21. exd5
Rxf4 22. Rg3 Qf6 23. Rg2 Rf8 0-1

[Event "XXXV C.to Italiano Seniores"]
[Site "Arco ITA"]
[Date "2013.04.20"]
[Round "9"]
[White "Guaglianone, Mario"]
[Black "Laco, Giuseppe"]
[WhiteElo "1986"]
[BlackElo "2073"]
[Result "0-1"]
[PlyCount "108"]
[EventDate "2013.04.12"]

1. c4 e5 2. Nc3 Nc6 3. Nf3 g6 4. d4 exd4 5. Nxd4 Bg7 6. Nc2 d6 7. e4 Be6 8. Be2
Nge7 9. Bd2 Ne5 10. Nd4 Bd7 11. Be3 Qc8 12. Qd2 h5 13. f3 N7c6 14. Nd5 Be6 15.
Nb5 Bxd5 16. cxd5 a6 17. Nxd6+ cxd6 18. Rc1 Qd7 19. dxc6 bxc6 20. O-O Ke7 21.
Rfd1 a5 22. f4 Ng4 23. Bc5 Rhd8 24. Bb6 Rdb8 25. Bd4 Bxd4+ 26. Qxd4 Rb4 27.
Bxg4 Rxd4 28. Bxd7 Rxd1+ 29. Rxd1 Kxd7 30. Kf2 a4 31. Rd2 Rb8 32. Ke3 Ke6 33.
g3 f5 34. exf5+ gxf5 35. Kd3 Rb4 36. Kc3 c5 37. b3 a3 38. Rf2 Re4 39. Kd3 Kd7
40. h3 Re1 41. g4 hxg4 42. hxg4 fxg4 43. Rg2 Ra1 44. Ke4 Ke6 45. f5+ Kf6 46.
Rd2 Ke7 47. Kf4 Rg1 48. Kg5 g3 49. Kg6 Rf1 50. Re2+ Kf8 51. f6 Rf4 52. Kg5 Rf2
53. Re4 g2 54. Rg4 Kf7 0-1

[Event "XXXV C.to Italiano Seniores"]
[Site "Arco ITA"]
[Date "2013.04.20"]
[Round "9"]
[White "Jasnig, Stelio"]
[Black "Cavatorta, Fosco"]
[WhiteElo "1989"]
[BlackElo "1902"]
[Result "1/2-1/2"]
[PlyCount "117"]
[EventDate "2013.04.12"]

1. f4 d6 2. Nf3 Bg4 3. e3 e6 4. Be2 Be7 5. O-O Nh6 6. Nc3 O-O 7. Ne4 Nf5 8. Nf2
Bxf3 9. Bxf3 c6 10. Be4 Nh4 11. b3 d5 12. Bd3 d4 13. g3 dxe3 14. dxe3 Ng6 15.
Qf3 Nd7 16. Rd1 Qc7 17. Bb2 Bf6 18. Bxf6 Nxf6 19. Rd2 Qa5 20. Qe2 Rfd8 21. a4
Rd7 22. Rad1 Rad8 23. e4 e5 24. f5 Nf8 25. Kg2 c5 26. Ra1 a6 27. Rdd1 Qc3 28.
Rab1 Ne8 29. g4 h6 30. h4 g6 31. Rg1 Kh7 32. Qe3 b5 33. axb5 axb5 34. Qe1 Qxe1
35. Rbxe1 Nc7 36. Ref1 Rd4 37. Rd1 Kg7 38. c3 R4d6 39. Bc2 Rd2 40. Rxd2 Rxd2
41. Rc1 Nd7 42. Bd1 Ra2 43. Kf3 g5 44. h5 Kf8 45. Rc2 Rxc2 46. Bxc2 Ke7 47. Nd1
Kd6 48. Ne3 f6 49. c4 Nb6 50. Bd3 b4 51. Ng2 Nd7 52. Ke3 Nb8 53. Ne1 Nc6 54.
Be2 Nd4 55. Bd1 Na6 56. Nf3 Nb8 57. Nd2 Nbc6 58. Kd3 Na5 59. Ke3 1/2-1/2

[Event "XXXV C.to Italiano Seniores"]
[Site "Arco ITA"]
[Date "2013.04.20"]
[Round "9"]
[White "Micheli, Carlo"]
[Black "Barlocco, Carlo"]
[WhiteElo "2297"]
[BlackElo "2094"]
[Result "1-0"]
[PlyCount "127"]
[EventDate "2013.04.12"]

1. c4 Nf6 2. g3 Nc6 3. Bg2 e6 4. Nf3 d5 5. b3 Be7 6. O-O O-O 7. Bb2 b6 8. d3
Bb7 9. Nc3 Re8 10. a3 Bf8 11. e3 Ne7 12. Qe2 Ng6 13. e4 d4 14. Nb1 c5 15. b4 e5
16. b5 Bd6 17. Nbd2 Nd7 18. h4 a5 19. h5 Ngf8 20. Nh4 Ne6 21. Ndf3 Be7 22. Nf5
Bf8 23. Bc1 Be7 24. Nh2 g6 25. Nxe7+ Qxe7 26. f4 exf4 27. gxf4 Ng7 28. hxg6
hxg6 29. Qf2 f5 30. e5 Nf8 31. Ra2 Nfe6 32. Bd5 Rad8 33. Qg2 Rd7 34. Qxg6 Qf7
35. Rg2 Qxg6 36. Rxg6 Kf7 37. Rf6+ Ke7 38. Bxb7 Rxb7 39. Rf2 Rh8 40. Nf3 Rbb8
41. Rg2 Rh5 42. Bd2 Rbh8 43. Kf2 Rh1 44. Rfg6 Nh5 45. Rxe6+ Kxe6 46. Rg6+ Kf7
47. Rxb6 Ra1 48. Rb7+ Kg8 49. b6 Ra2 50. Rc7 Nxf4 51. b7 Nxd3+ 52. Kg3 Rb2 53.
Rc8+ Kg7 54. Rxh8 Rxb7 55. Ra8 Rb3 56. Ra7+ Kg8 57. Kh4 Nb2 58. e6 Nxc4 59.
Ra8+ Kg7 60. e7 Nd6 61. Bf4 Ne8 62. Ng5 Rb7 63. Rxe8 d3 64. Kh5 1-0

[Event "XXXV C.to Italiano Seniores"]
[Site "Arco ITA"]
[Date "2013.04.20"]
[Round "9"]
[White "Modena, Giorgio"]
[Black "Bisignano, Giuseppe"]
[WhiteElo "1934"]
[BlackElo "1884"]
[Result "1-0"]
[PlyCount "79"]
[EventDate "2013.04.12"]

1. e4 e5 2. Nf3 Nc6 3. Bb5 a6 4. Ba4 d6 5. c3 Bd7 6. O-O Nf6 7. d3 Be7 8. h3
O-O 9. Re1 b5 10. Bc2 Re8 11. Nbd2 a5 12. Nf1 Bf8 13. Bg5 b4 14. Ne3 h6 15. Bh4
Be7 16. d4 bxc3 17. bxc3 Qc8 18. Rb1 Rb8 19. Qd2 Rxb1 20. Rxb1 Nh5 21. Bg3 Nxg3
22. fxg3 g6 23. Nc4 exd4 24. cxd4 Nb4 25. Bb3 Kg7 26. Nxa5 c5 27. Nc4 Qc7 28.
Rf1 d5 29. exd5 Nxd5 30. dxc5 Qxc5+ 31. Kh2 Bf6 32. Rd1 Bc6 33. Rc1 Qb4 34.
Qxb4 Nxb4 35. Re1 Ra8 36. Re2 Bb5 37. Rf2 Ra7 38. Nd6 Bc6 39. h4 Rd7 40. Ne8+
1-0

[Event "XXXV C.to Italiano Seniores"]
[Site "Arco ITA"]
[Date "2013.04.20"]
[Round "9"]
[White "Valenti, Giuseppe"]
[Black "Facchetti, Gianni"]
[WhiteElo "2191"]
[BlackElo "2075"]
[Result "1-0"]
[PlyCount "69"]
[EventDate "2013.04.12"]

1. e4 e5 2. Nf3 Nc6 3. Bb5 Nf6 4. d3 d6 5. c3 Be7 6. O-O O-O 7. Nbd2 g6 8. Re1
Nh5 9. d4 exd4 10. Nxd4 Nxd4 11. cxd4 c6 12. Be2 Nf4 13. Bf1 d5 14. Nf3 Ne6 15.
Bh6 Re8 16. exd5 cxd5 17. Qb3 Ng7 18. Bb5 Rf8 19. Rac1 Be6 20. Bd3 Qb8 21. g3
Rd8 22. Ng5 Bxg5 23. Bxg5 Rd7 24. Bb5 Rc7 25. Bf4 Rxc1 26. Rxc1 Qd8 27. Bd3 b6
28. Ba6 Qf8 29. Rc6 Ne8 30. Bb7 Rd8 31. Qe3 Bd7 32. Bh6 Qb4 33. a3 Qxb2 34. Qe7
Qb1+ 35. Rc1 1-0

[Event "VI C.to Italiano a squadre femminile"]
[Site "Bratto - Castione della Presolana ITA"]
[Date "2013.04.29"]
[Round "4"]
[White "Arnetta, Maria Teresa"]
[Black "Kachiani-Gersinska, Ketino"]
[WhiteElo "2026"]
[BlackElo "2373"]
[Result "0-1"]
[PlyCount "98"]
[EventDate "2013.04.28"]

1. e4 c6 2. Nc3 d5 3. Qf3 e6 4. d4 Qb6 5. Nge2 Na6 6. a3 Ne7 7. g4 e5 8. dxe5
d4 9. Nd1 Ng6 10. Qg3 Qa5+ 11. Bd2 Qxe5 12. Bg2 Qxg3 13. hxg3 c5 14. f3 Ne5 15.
Nf2 Nc4 16. O-O-O Nxd2 17. Rxd2 Be7 18. Nf4 Nc7 19. Bf1 Bd7 20. Bc4 b5 21. Bd5
Rc8 22. N2d3 Bg5 23. Rh5 h6 24. Rdh2 Ke7 25. Kd1 Nxd5 26. Nxd5+ Kd6 27. N3f4 g6
28. R5h3 h5 29. Ne2 Rhe8 30. f4 Bd8 31. f5 Rxe4 32. Ndf4 Bg5 33. Rf2 hxg4 34.
Rh7 gxf5 35. Rxf7 Re7 36. Rxe7 Kxe7 37. Rh2 Bc6 38. Rh7+ Kd6 39. Rg7 Bf6 40.
Rf7 Be7 41. Ng6 Re8 42. Rxf5 Bf3 43. Ngf4 Rh8 44. Rh5 Rxh5 45. Nxh5 Bg5 46. Ng7
Ke5 47. Ke1 Bh6 48. Nh5 c4 49. Ng1 Be4 0-1

[Event "VI C.to Italiano a squadre femminile"]
[Site "Bratto - Castione della Presolana ITA"]
[Date "2013.04.29"]
[Round "4"]
[White "Santeramo, Alessia Carmen"]
[Black "Monticone, Sonia"]
[WhiteElo "1931"]
[BlackElo "1883"]
[Result "1-0"]
[PlyCount "65"]
[EventDate "2013.04.28"]

1. e4 c5 2. Nf3 e6 3. d4 cxd4 4. Nxd4 a6 5. Bd3 Nf6 6. O-O Qc7 7. Qe2 d6 8. c4
Nbd7 9. Nc3 Be7 10. f4 O-O 11. Be3 b6 12. Rac1 Nc5 13. Bb1 Bb7 14. Bd2 Rac8 15.
Rf3 Ncd7 16. b3 g6 17. Rg3 Qc5 18. Be3 Nh5 19. Nf5 Nxg3 20. Nxe7+ Kg7 21. hxg3
Qb4 22. Nxc8 Rxc8 23. Qb2 Kg8 24. g4 b5 25. a3 Qa5 26. cxb5 axb5 27. b4 Qd8 28.
Nxb5 d5 29. Rxc8 Bxc8 30. e5 Qh4 31. Qe2 Ba6 32. Bd3 h5 33. Bf2 1-0

[Event "VI C.to Italiano a squadre femminile"]
[Site "Bratto - Castione della Presolana ITA"]
[Date "2013.04.29"]
[Round "4"]
[White "Sedina, Elena"]
[Black "Paehtz, Elisabeth"]
[WhiteElo "2321"]
[BlackElo "2479"]
[Result "1/2-1/2"]
[PlyCount "62"]
[EventDate "2013.04.28"]

1. e4 e5 2. Nf3 Nc6 3. Bc4 Bc5 4. O-O Nf6 5. d3 d6 6. c3 a6 7. Bb3 Ba7 8. Nbd2
h6 9. Re1 Be6 10. Nf1 O-O 11. Be3 Re8 12. h3 Qd7 13. Bxa7 Rxa7 14. Ne3 Raa8 15.
Bxe6 Qxe6 16. c4 Nd7 17. Nd5 Rac8 18. d4 exd4 19. Nxd4 Nxd4 20. Qxd4 Qe5 21.
Qd2 c6 22. Ne3 Nf6 23. f3 Rcd8 24. Rad1 b5 25. b3 bxc4 26. Nxc4 Qc5+ 27. Qf2
Qxf2+ 28. Kxf2 d5 29. exd5 Rxe1 30. Rxe1 cxd5 31. Rd1 Kf8 1/2-1/2

[Event "VI C.to Italiano a squadre femminile"]
[Site "Bratto - Castione della Presolana ITA"]
[Date "2013.04.30"]
[Round "6"]
[White "Arnetta, Maria Teresa"]
[Black "Zimina, Olga"]
[WhiteElo "2026"]
[BlackElo "2334"]
[Result "0-1"]
[PlyCount "84"]
[EventDate "2013.04.28"]

1. e4 e5 2. Nf3 Nc6 3. Nc3 Nf6 4. d4 exd4 5. Nxd4 Bb4 6. Nxc6 bxc6 7. Bd3 d5 8.
exd5 cxd5 9. O-O O-O 10. h3 c6 11. Qf3 Bd6 12. Bf4 Rb8 13. b3 Rb4 14. Ne2 Re8
15. Bxd6 Qxd6 16. Rad1 a5 17. Rfe1 Be6 18. c4 a4 19. Nf4 axb3 20. axb3 Qb8 21.
Nxe6 fxe6 22. Rb1 e5 23. Qf5 Rxb3 24. cxd5 cxd5 25. g4 Rxb1 26. Rxb1 Qc8 27.
Qg5 e4 28. Bf1 Qc7 29. Rc1 Qe5 30. Qd2 d4 31. Qa2+ Kh8 32. Qd2 e3 33. fxe3 dxe3
34. Qe2 Nd5 35. Qb5 h6 36. Bg2 e2 37. Re1 Qe3+ 38. Kh1 Nf4 39. Qc6 Nd3 40. g5
Nxe1 41. gxh6 Nxg2 42. hxg7+ Kh7 0-1

[Event "VI C.to Italiano a squadre femminile"]
[Site "Bratto - Castione della Presolana ITA"]
[Date "2013.04.30"]
[Round "6"]
[White "Brunello, Marina"]
[Black "Monticone, Sonia"]
[WhiteElo "2235"]
[BlackElo "1883"]
[Result "1-0"]
[PlyCount "51"]
[EventDate "2013.04.28"]

1. e4 c5 2. Nf3 e6 3. c3 Nf6 4. e5 Nd5 5. d4 cxd4 6. cxd4 d6 7. Bc4 Nc6 8. O-O
Be7 9. exd6 Qxd6 10. Nc3 O-O 11. Re1 Rd8 12. a3 Nf6 13. Be3 b6 14. Nb5 Qd7 15.
Qe2 Bb7 16. Rad1 a6 17. Nc3 Na5 18. Ba2 Nd5 19. Ne5 Qe8 20. Qg4 Bf6 21. Bc1 g6
22. Ne4 Bg7 23. Qh3 Nf6 24. Ng5 Bd5 25. Bxd5 Rxd5 26. Nexf7 1-0

[Event "VI C.to Italiano a squadre femminile"]
[Site "Bratto - Castione della Presolana ITA"]
[Date "2013.04.30"]
[Round "6"]
[White "Fierro Baquero, Martha Lorena"]
[Black "Paehtz, Elisabeth"]
[WhiteElo "2364"]
[BlackElo "2479"]
[Result "1/2-1/2"]
[PlyCount "98"]
[EventDate "2013.04.28"]

1. c4 e6 2. Nf3 Nf6 3. g3 d5 4. b3 c5 5. Bg2 Nc6 6. O-O Be7 7. e3 O-O 8. Bb2 d4
9. exd4 cxd4 10. Re1 a5 11. Ne5 Nxe5 12. Rxe5 Nd7 13. Re1 e5 14. Ba3 Bb4 15.
Bxb4 axb4 16. d3 Qc7 17. Nd2 Ra5 18. Nf3 b6 19. Qd2 Qd6 20. Ng5 Nf6 21. Ne4
Nxe4 22. Bxe4 Re8 23. f4 g6 24. Bd5 Bd7 25. fxe5 Rxe5 26. Rxe5 Qxe5 27. Qf2 Be6
28. Re1 Qf5 29. Qxd4 Rxa2 30. Bxe6 fxe6 31. Qd8+ Qf8 32. Qxf8+ Kxf8 33. Rxe6
Rb2 34. Rxb6 Rxb3 35. d4 Rd3 36. d5 b3 37. Kf2 Rc3 38. Rb4 Ke7 39. Ke2 b2 40.
Rxb2 Rxc4 41. Kd3 Rg4 42. Rb7+ Kd6 43. Rxh7 Kxd5 44. Rf7 Ke6 45. Rf8 Ra4 46.
Ke3 g5 47. Rf2 Ke5 48. Kf3 Kf5 49. Rb2 Ra3+ 1/2-1/2

[Event "XLV C.to Italiano a squadre Master"]
[Site "Bratto - Castione della Presolana ITA"]
[Date "2013.04.27"]
[Round "1"]
[White "Bentivegna, Francesco"]
[Black "Bellini, Fabio"]
[WhiteElo "2293"]
[BlackElo "2464"]
[Result "1/2-1/2"]
[PlyCount "92"]
[EventDate "2013.04.27"]

1. e4 g6 2. d4 Bg7 3. Nc3 c6 4. Nf3 d5 5. Bf4 Nf6 6. Bd3 Bg4 7. e5 Nh5 8. Bd2
f6 9. exf6 Nxf6 10. h3 Bxf3 11. Qxf3 O-O 12. Qe2 Qd6 13. O-O-O Nbd7 14. g4 e5
15. dxe5 Nxe5 16. f4 Nxd3+ 17. Qxd3 Rae8 18. Rhe1 Nd7 19. Kb1 Nc5 20. Qf3 Rxe1
21. Rxe1 Qf6 22. Bc1 Qf7 23. Rf1 Re8 24. f5 gxf5 25. gxf5 Bf6 26. h4 d4 27. Ne2
Kh8 28. Nf4 Be5 29. Nd3 Nxd3 30. cxd3 Bf6 31. Bg5 Re5 32. Qf4 Qe7 33. Bxf6+
Qxf6 34. Qg5 Qxg5 35. hxg5 Kg7 36. b4 Re2 37. f6+ Kf7 38. Rh1 Kg6 39. Rh6+ Kxg5
40. Rxh7 Kxf6 41. Rxb7 Rd2 42. Rxa7 Rxd3 43. Ra6 Rc3 44. b5 d3 45. Rxc6+ Rxc6
46. bxc6 Ke6 1/2-1/2

[Event "XLV C.to Italiano a squadre Master"]
[Site "Bratto - Castione della Presolana ITA"]
[Date "2013.04.27"]
[Round "1"]
[White "Brunello, Sabino"]
[Black "Lostuzzi, Manlio"]
[WhiteElo "2582"]
[BlackElo "2416"]
[Result "1-0"]
[PlyCount "81"]
[EventDate "2013.04.27"]

1. d4 Nf6 2. Nf3 c5 3. d5 b5 4. c4 b4 5. a3 e6 6. Qc2 exd5 7. cxd5 Bb7 8. e4
Qe7 9. Bd3 Nxd5 10. O-O Nb6 11. axb4 Nc6 12. bxc5 Qxc5 13. Qe2 Be7 14. Nc3 Qh5
15. Rd1 O-O 16. Nd5 Bd6 17. Bb5 Nc8 18. Nf4 Bxf4 19. Bxf4 Qg4 20. Qe3 Nb6 21.
Ng5 Qh5 22. Be2 Qg6 23. Rd6 f6 24. Qh3 Nd4 25. Bh5 Qh6 26. Be3 g6 27. Bxd4 Qxg5
28. Qb3+ Kg7 29. Bxb6 axb6 30. Rxd7+ Kh6 31. Rxa8 Rxa8 32. Bd1 Ra1 33. Rxb7 Qg4
34. f3 Qc8 35. Rxb6 Qd8 36. Qe3+ g5 37. Kf2 Rxd1 38. e5 Rd2+ 39. Kg3 Rd4 40.
Rxf6+ Kh5 41. Qb3 1-0

[Event "XLV C.to Italiano a squadre Master"]
[Site "Bratto - Castione della Presolana ITA"]
[Date "2013.04.27"]
[Round "1"]
[White "De Eccher, Stefano"]
[Black "Arlandi, Ennio"]
[WhiteElo "2241"]
[BlackElo "2440"]
[Result "1/2-1/2"]
[PlyCount "77"]
[EventDate "2013.04.27"]

1. e4 c5 2. c4 Nc6 3. Nc3 g6 4. g3 Bg7 5. Bg2 d6 6. d3 a6 7. Nge2 Rb8 8. a4 e6
9. Be3 Nd4 10. Rb1 Ne7 11. h4 h5 12. Bg5 Qc7 13. Nxd4 Bxd4 14. O-O Nc6 15. Ne2
Bg7 16. Qd2 Bd7 17. b3 b5 18. cxb5 axb5 19. Be3 bxa4 20. bxa4 O-O 21. d4 cxd4
22. Nxd4 Nxd4 23. Bxd4 e5 24. Rbc1 Qd8 25. Bc3 Bxa4 26. Ba5 Qd7 27. Bc7 Rb7 28.
Qxd6 Bh6 29. Qxd7 Bxd7 30. Rc5 Rc8 31. Bd6 Rxc5 32. Bxc5 Rb5 33. Bd6 Bf8 34.
Rd1 Bg4 35. f3 Bxd6 36. Rxd6 Rb1+ 37. Kh2 Be6 38. Rd2 Rb3 39. Rc2 1/2-1/2

[Event "XLV C.to Italiano a squadre Master"]
[Site "Bratto - Castione della Presolana ITA"]
[Date "2013.04.27"]
[Round "1"]
[White "Della Corte, Alessandro"]
[Black "Scalcione, Michelangelo"]
[WhiteElo "2261"]
[BlackElo "2339"]
[Result "0-1"]
[PlyCount "128"]
[EventDate "2013.04.27"]

1. d4 d6 2. Nf3 Nf6 3. c4 g6 4. Nc3 Bf5 5. Qb3 Qc8 6. g3 Nc6 7. d5 Nd8 8. Bg2
Bg7 9. O-O O-O 10. Nd4 Bh3 11. Rd1 Bxg2 12. Kxg2 e5 13. Nf3 Nd7 14. Qc2 f5 15.
Rb1 Nf7 16. b4 a5 17. a3 axb4 18. axb4 h6 19. Nb5 b6 20. Bb2 c5 21. dxc6 Qxc6
22. Kg1 Rfc8 23. Qd2 Bf8 24. Rbc1 Nf6 25. Nh4 Kh7 26. Qd3 Ra2 27. Qb3 Ng5 28.
f3 Raa8 29. Ra1 d5 30. Na7 Qxc4 31. Qxc4 Rxc4 32. Bxe5 Nd7 33. Nc6 Rxa1 34.
Rxa1 Kg8 35. Ra7 Rxc6 36. Rxd7 Nf7 37. Bd4 Bxb4 38. Rxd5 Bc5 39. Kf1 Kf8 40.
Ng2 Ke7 41. Bb2 Rd6 42. Rxd6 Nxd6 43. Nf4 g5 44. Nd3 Be3 45. Nb4 Ke6 46. Nc2
Bc5 47. Nd4+ Bxd4 48. Bxd4 b5 49. Ke1 g4 50. fxg4 fxg4 51. Kd2 Kd5 52. Kd3 h5
53. Bg7 Ne4 54. Bf8 Nc5+ 55. Kc3 Ne6 56. Be7 Ke4 57. Kd2 Nd4 58. Bf8 Nc6 59.
Bc5 Nd4 60. Bb4 Nc6 61. Bc5 b4 62. Bb6 Nd4 63. Ba7 b3 64. Kc1 Nxe2+ 0-1

[Event "XLV C.to Italiano a squadre Master"]
[Site "Bratto - Castione della Presolana ITA"]
[Date "2013.04.27"]
[Round "1"]
[White "Dvirnyy, Danyyil"]
[Black "Contin, Daniel"]
[WhiteElo "2538"]
[BlackElo "2366"]
[Result "1-0"]
[PlyCount "107"]
[EventDate "2013.04.27"]

1. Nf3 Nf6 2. c4 c5 3. g3 Nc6 4. Nc3 e5 5. Bg2 g6 6. a3 d6 7. d3 Bg7 8. Rb1 a5
9. Bg5 h6 10. Bd2 Be6 11. O-O O-O 12. Qc1 Kh7 13. Rd1 Rb8 14. Na4 Bd7 15. Nc3
Be6 16. Qc2 Qd7 17. Nb5 Rfc8 18. Bc3 b6 19. e3 Re8 20. Nd2 d5 21. cxd5 Nxd5 22.
Nc4 Bg4 23. Re1 Nxc3 24. bxc3 Bf8 25. Rb2 Bf5 26. Rd1 f6 27. Qa4 Na7 28. Qb3
Be6 29. Nxa7 Qxa7 30. Qb5 Rec8 31. Nxb6 Rd8 32. Rdb1 Rd6 33. a4 Be7 34. Qxc5
Rxd3 35. Qb5 Rd6 36. c4 Bd7 37. c5 Bxb5 38. cxd6 Rxb6 39. dxe7 Qxe7 40. Rxb5
Rxb5 41. axb5 e4 42. b6 Qb7 43. Bf1 a4 44. Ba6 Qb8 45. b7 a3 46. Ra1 Qd6 47.
Bc4 h5 48. Rb1 Qb8 49. Bd5 f5 50. h4 Kg7 51. Rb6 Kh7 52. Kg2 Kg7 53. Ra6 Qd8
54. Ra8 1-0

[Event "XLV C.to Italiano a squadre Master"]
[Site "Bratto - Castione della Presolana ITA"]
[Date "2013.04.27"]
[Round "1"]
[White "Horvath, Csaba"]
[Black "Erdos, Viktor"]
[WhiteElo "2515"]
[BlackElo "2634"]
[Result "1/2-1/2"]
[PlyCount "32"]
[EventDate "2013.04.27"]

1. d4 Nf6 2. c4 e6 3. Nf3 Bb4+ 4. Bd2 Bxd2+ 5. Qxd2 O-O 6. g3 d5 7. Bg2 Nbd7 8.
O-O dxc4 9. Na3 e5 10. dxe5 Nxe5 11. Qxd8 Nxf3+ 12. Bxf3 Rxd8 13. Nxc4 Be6 14.
Rfc1 Bd5 15. Bxd5 Rxd5 16. b4 Re8 1/2-1/2

[Event "XLV C.to Italiano a squadre Master"]
[Site "Bratto - Castione della Presolana ITA"]
[Date "2013.04.27"]
[Round "1"]
[White "Humeau, Cyril"]
[Black "Amato, Andrea"]
[WhiteElo "2312"]
[BlackElo "2264"]
[Result "0-1"]
[PlyCount "70"]
[EventDate "2013.04.27"]

1. c4 c5 2. Nf3 Nc6 3. d4 cxd4 4. Nxd4 e6 5. g3 Bc5 6. Nb3 Be7 7. Nc3 a6 8. Bg2
Nf6 9. O-O d6 10. e4 Ne5 11. Qe2 Qc7 12. Nd2 Rb8 13. f4 Nc6 14. b3 b5 15. Bb2
Qb6+ 16. Kh1 h5 17. cxb5 axb5 18. h3 Ng4 19. Nxb5 Qxb5 20. Qxb5 Rxb5 21. hxg4
hxg4+ 22. Kg1 d5 23. Bxg7 Bc5+ 24. Rf2 Rh7 25. exd5 exd5 26. Bb2 Nb4 27. Bf1
Rb6 28. Bc3 Rbh6 29. Bb5+ Bd7 30. Bxd7+ Kxd7 31. Kf1 Rh1+ 32. Ke2 Rxa1 33. Bxa1
Bxf2 34. Kxf2 Rh2+ 35. Kf1 Rh1+ 0-1